000 00612nam a22002177a 4500
005 20160316172804.0
008 160316b xxu||||| |||| 00| 0 spa d
020 _a9788492892440
041 _aEspañol
082 _a153.43
_bG935e
100 _aGuerri, Marta
_97119
245 _aEntrenamiento mental para mejorar tu inteligencia
260 _aEspaña
_bMesetas Ediciones
_c2014
300 _a158 páginas
650 _aINTELIGENCIA
_97120
650 _aLÓGICA
_97121
650 _aENTRENAMIENTO MENTAL
_97122
650 _aRAZONAMIENTO LOGICO
_97123
650 _aINTELIGENCIA VERBAL
_97124
942 _cBK
999 _c7854
_d7854